00951nam a2200253 i 45000010005000000030009000050050017000140070003000310080041000340200018000750800021000930800016001141000053001302450159001832500011003422600040003533000047003934900016004406500035004568300024004918520045005159990015005609520122005755821ES-MaACL20251130063151.0t|890531s1989 sp ||||1| spa d a84-7341-039-4 a355.49(46)"1588" a9(46)"1588"0 aO'Donnell y Duque de Estrada, Hugo José98632313aLa Fuerza de desembarco de la Gran Armada contra Inglaterra b: (1588) : su origen, organizacion y vicisitudes / cHugo Jose O'Donnell y Duque de Estrada. a1a ed. aMadrid : bEditorial Naval, c1989. a448 p., [10] h. de lam. : bil. ; c24 cm.1 aGran Armada04aArmada Invencible, 1588.999650 aGran Armada9178472 aES-MaACLjL-12902 bR.116486 z. - rust. c5821d5821 00104070aATENEOMbATENEOMcDEPO2d2008-01-17eSCl0oL-12902p1005914r2023-02-23 00:00:00w2023-02-23yMONOGRAFIA